The Standard-Vacuum Oil Company and United States East Asian policy, 1933-1941

Wedi'i Gadw mewn:
Manylion Llyfryddiaeth
Prif Awdur: Anderson, Irvine H.
Fformat: Llyfr
Iaith:Undetermined
Cyhoeddwyd: Princeton Princeton University Press 1975
Pynciau:
Tagiau: Ychwanegu Tag
Dim Tagiau, Byddwch y cyntaf i dagio'r cofnod hwn!
Thư viện lưu trữ: Trung tâm Học liệu Trường Đại học Cần Thơ
LEADER 00576nam a2200193Ia 4500
001 CTU_89843
008 210402s9999 xx 000 0 und d
082 |a 338.7 
082 |b A549 
100 |a Anderson, Irvine H. 
245 4 |a The Standard-Vacuum Oil Company and United States East Asian policy, 1933-1941 
245 0 |c Irvine H. Anderson, Jr 
260 |a Princeton 
260 |b Princeton University Press 
260 |c 1975 
650 |a Corporations, foreign 
650 |z Indonesia 
904 |i Bằng 
980 |a Trung tâm Học liệu Trường Đại học Cần Thơ